[Event "DEM U10 2024"]
[Site "Willingen GER"]
[Date "2024.05.24"]
[Round "10"]
[White "Bergmann, Rafael Antonio"]
[Black "Stoyanov, Victor"]
[Result "0-1"]
[Termination "normal"]
[Board "5"]
[WhiteElo "1776"]
[BlackElo "1658"]
[WhiteClock "00:04:11"]
[BlackClock "00:02:51"]
[PlyCount "64"]
[WhiteFideId "34635076"]
[BlackFideId "5401240"]
[EventCountry "GER"]
[EventRounds "11"]
[EventType "swiss"]
[EventDate "2024.05.18"]

1. e4 {[%clk 01:15:58]} {[%emt 00:00:02]} c5 {[%clk 01:15:59]} {[%emt
00:00:01]} 2. Nf3 {[%clk 01:16:17]} {[%emt 00:00:10]} d6 {[%clk 01:16:25]}
{[%emt 00:00:05]} 3. d4 {[%clk 01:16:18]} {[%emt 00:00:29]} cxd4 {[%clk
01:16:50]} {[%emt 00:00:05]} 4. Qxd4 {[%clk 01:16:41]} {[%emt 00:00:08]} Nc6
{[%clk 01:16:48]} {[%emt 00:00:31]} 5. Bb5 {[%clk 01:17:05]} {[%emt 00:00:05]}
Bd7 {[%clk 01:16:42]} {[%emt 00:00:37]} 6. Bxc6 {[%clk 01:17:28]} {[%emt
00:00:07]} bxc6 {[%clk 01:15:18]} {[%emt 00:01:54]} 7. O-O {[%clk 01:16:43]}
{[%emt 00:01:14]} e5 {[%clk 01:15:08]} {[%emt 00:00:41]} 8. Qd1 {[%clk
01:15:08]} {[%emt 00:02:05]} Nf6 {[%clk 01:14:42]} {[%emt 00:00:56]} 9. Nc3
{[%clk 01:13:12]} {[%emt 00:02:25]} Be7 {[%clk 01:13:24]} {[%emt 00:01:49]} 10.
Re1 {[%clk 01:11:37]} {[%emt 00:02:04]} O-O {[%clk 01:13:20]} {[%emt 00:00:35]}
11. Bg5 {[%clk 01:08:34]} {[%emt 00:03:32]} Be6 {[%clk 01:10:43]} {[%emt
00:03:08]} 12. Qe2 {[%clk 01:05:21]} {[%emt 00:03:43]} Qc7 {[%clk 01:09:04]}
{[%emt 00:02:09]} 13. Rad1 {[%clk 01:03:24]} {[%emt 00:02:26]} h6 {[%clk
01:06:39]} {[%emt 00:02:55]} 14. Bc1 {[%clk 00:58:04]} {[%emt 00:05:50]} Rad8
{[%clk 01:03:11]} {[%emt 00:03:59]} 15. b3 {[%clk 00:49:55]} {[%emt 00:08:40]}
Rfe8 {[%clk 00:58:28]} {[%emt 00:05:12]} 16. Bb2 {[%clk 00:50:17]} {[%emt
00:00:08]} Bg4 {[%clk 00:57:49]} {[%emt 00:01:10]} 17. h3 {[%clk 00:46:27]}
{[%emt 00:04:19]} Bh5 {[%clk 00:57:29]} {[%emt 00:00:49]} 18. Na4 {[%clk
00:43:21]} {[%emt 00:03:37]} Nh7 {[%clk 00:54:11]} {[%emt 00:03:48]} 19. Bc1
{[%clk 00:36:46]} {[%emt 00:07:04]} Bg5 {[%clk 00:41:36]} {[%emt 00:13:05]} 20.
Bb2 {[%clk 00:28:15]} {[%emt 00:09:02]} Bf4 {[%clk 00:38:27]} {[%emt 00:03:39]}
21. h4 {[%clk 00:27:18]} {[%emt 00:01:26]} Qd7 {[%clk 00:26:37]} {[%emt
00:12:21]} 22. Ba3 {[%clk 00:13:42]} {[%emt 00:14:06]} d5 {[%clk 00:19:46]}
{[%emt 00:07:21]} 23. Qd3 {[%clk 00:07:41]} {[%emt 00:06:31]} Qg4 {[%clk
00:11:23]} {[%emt 00:08:53]} 24. Nc3 {[%clk 00:04:52]} {[%emt 00:03:19]} Nf6
{[%clk 00:07:30]} {[%emt 00:04:23]} 25. exd5 {[%clk 00:03:34]} {[%emt
00:01:48]} cxd5 {[%clk 00:06:58]} {[%emt 00:01:01]} 26. Qb5 {[%clk 00:03:20]}
{[%emt 00:00:44]} e4 {[%clk 00:05:21]} {[%emt 00:02:07]} 27. Nh2 {[%clk
00:03:34]} {[%emt 00:00:16]} Qxh4 {[%clk 00:03:45]} {[%emt 00:02:06]} 28. g3
{[%clk 00:03:21]} {[%emt 00:00:44]} Bxg3 {[%clk 00:03:59]} {[%emt 00:00:16]}
29. fxg3 {[%clk 00:03:46]} {[%emt 00:00:05]} Qxg3+ {[%clk 00:04:21]} {[%emt
00:00:08]} 30. Kh1 {[%clk 00:04:06]} {[%emt 00:00:09]} Ng4 {[%clk 00:02:19]}
{[%emt 00:02:32]} 31. Nxg4 {[%clk 00:04:19]} {[%emt 00:00:16]} Bxg4 {[%clk
00:02:30]} {[%emt 00:00:20]} 32. Ne2 {[%clk 00:04:11]} {[%emt 00:00:38]} Bf3#
{[%clk 00:02:51]} {[%emt 00:00:09]} 0-1

[Event "DEM U10 2024"]
[Site "Willingen GER"]
[Date "2024.05.24"]
[Round "10"]
[White "Pradeep, Harshill"]
[Black "Ding, Jerry Yunjie"]
[Result "1-0"]
[Termination "normal"]
[Board "6"]
[WhiteElo "1853"]
[BlackElo "1650"]
[WhiteClock "00:21:28"]
[BlackClock "00:14:32"]
[PlyCount "79"]
[WhiteFideId "34629513"]
[BlackFideId "34614869"]
[EventCountry "GER"]
[EventRounds "11"]
[EventType "swiss"]
[EventDate "2024.05.18"]

1. e4 {[%clk 01:15:59]} {[%emt 01:45:07]} c5 {[%clk 01:15:57]} {[%emt
00:00:04]} 2. Nc3 {[%clk 01:16:20]} {[%emt 00:00:08]} Nc6 {[%clk 01:16:22]}
{[%emt 00:00:05]} 3. f4 {[%clk 01:16:45]} {[%emt 00:00:05]} g6 {[%clk
01:16:45]} {[%emt 00:00:07]} 4. Nf3 {[%clk 01:17:10]} {[%emt 00:00:05]} Bg7
{[%clk 01:17:08]} {[%emt 00:00:07]} 5. a4 {[%clk 01:17:26]} {[%emt 00:00:15]}
e6 {[%clk 01:14:38]} {[%emt 00:03:00]} 6. e5 {[%clk 01:17:43]} {[%emt
00:00:12]} Nge7 {[%clk 01:14:52]} {[%emt 00:00:16]} 7. Ne4 {[%clk 01:17:37]}
{[%emt 00:00:36]} b6 {[%clk 01:14:04]} {[%emt 00:01:19]} 8. Nd6+ {[%clk
01:18:01]} {[%emt 00:00:05]} Kf8 {[%clk 01:14:24]} {[%emt 00:00:10]} 9. Ng5
{[%clk 01:18:13]} {[%emt 00:00:18]} Qc7 {[%clk 01:13:55]} {[%emt 00:01:00]} 10.
Ndxf7 {[%clk 01:17:28]} {[%emt 00:01:14]} h6 {[%clk 01:03:25]} {[%emt
00:11:00]} 11. Nxe6+ {[%clk 01:16:58]} {[%emt 00:01:01]} dxe6 {[%clk 01:03:45]}
{[%emt 00:00:10]} 12. Nxh8 {[%clk 01:17:23]} {[%emt 00:00:04]} Bxh8 {[%clk
01:03:41]} {[%emt 00:00:34]} 13. Bc4 {[%clk 01:16:15]} {[%emt 00:01:38]} Na5
{[%clk 00:59:34]} {[%emt 00:04:37]} 14. Ba2 {[%clk 01:16:07]} {[%emt 00:00:37]}
Bb7 {[%clk 00:56:43]} {[%emt 00:03:22]} 15. Qg4 {[%clk 01:11:01]} {[%emt
00:05:35]} Bd5 {[%clk 00:55:40]} {[%emt 00:01:33]} 16. O-O {[%clk 01:08:41]}
{[%emt 00:02:50]} Ke8 {[%clk 00:49:26]} {[%emt 00:06:45]} 17. Bxd5 {[%clk
01:06:28]} {[%emt 00:02:44]} exd5 {[%clk 00:49:32]} {[%emt 00:00:23]} 18. d3
{[%clk 01:05:59]} {[%emt 00:00:59]} Qc8 {[%clk 00:48:39]} {[%emt 00:01:23]} 19.
e6 {[%clk 00:58:03]} {[%emt 00:08:27]} h5 {[%clk 00:41:56]} {[%emt 00:07:12]}
20. Qh3 {[%clk 00:51:15]} {[%emt 00:07:18]} Nac6 {[%clk 00:41:36]} {[%emt
00:00:49]} 21. c3 {[%clk 00:38:17]} {[%emt 00:13:29]} Rb8 {[%clk 00:35:27]}
{[%emt 00:06:40]} 22. Bd2 {[%clk 00:22:59]} {[%emt 00:15:47]} Rb7 {[%clk
00:34:36]} {[%emt 00:01:21]} 23. Rae1 {[%clk 00:23:00]} {[%emt 00:00:29]} Nf5
{[%clk 00:33:27]} {[%emt 00:01:39]} 24. g4 {[%clk 00:22:46]} {[%emt 00:00:45]}
Ng7 {[%clk 00:33:00]} {[%emt 00:00:57]} 25. f5 {[%emt 00:14:37]} Kf8 {[%clk
00:16:25]} {[%emt 00:03:47]} 26. f6 {[%clk 00:21:16]} {[%emt 00:01:10]} Ne8
{[%clk 00:15:44]} {[%emt 00:01:11]} 27. Bh6+ {[%clk 00:21:21]} {[%emt
00:00:25]} Kg8 {[%clk 00:15:36]} {[%emt 00:00:38]} 28. f7+ {[%emt 00:00:09]}
Kh7 {[%clk 00:15:45]} {[%emt 00:00:19]} 29. f8=Q {[%clk 00:21:09]} {[%emt
00:01:04]} Bg7 {[%clk 00:15:19]} {[%emt 00:00:57]} 30. Bxg7 {[%clk 00:21:27]}
{[%emt 00:00:12]} Rxg7 {[%clk 00:15:39]} {[%emt 00:00:10]} 31. Rf7 {[%clk
00:21:17]} {[%emt 00:00:40]} Nd8 {[%clk 00:13:29]} {[%emt 00:02:40]} 32. gxh5
{[%clk 00:20:52]} {[%emt 00:00:55]} Nxf7 {[%clk 00:13:15]} {[%emt 00:00:43]}
33. hxg6+ {[%clk 00:21:13]} {[%emt 00:00:09]} Kxg6 {[%clk 00:13:29]} {[%emt
00:00:17]} 34. exf7 {[%clk 00:19:47]} {[%emt 00:01:55]} Qxh3 {[%clk 00:13:24]}
{[%emt 00:00:36]} 35. fxe8=Q+ {[%clk 00:20:04]} {[%emt 00:00:13]} Kh7+ {[%clk
00:13:32]} {[%emt 00:00:22]} 36. Qxg7+ {[%clk 00:20:28]} {[%emt 00:00:06]} Kxg7
{[%clk 00:13:54]} {[%emt 00:00:07]} 37. Re7+ {[%clk 00:20:49]} {[%emt
00:00:10]} Kf6 {[%clk 00:14:13]} {[%emt 00:00:11]} 38. Qf8+ {[%clk 00:21:11]}
{[%emt 00:00:08]} Kg6 {[%clk 00:14:12]} {[%emt 00:00:31]} 39. Rg7+ {[%clk
00:21:28]} {[%emt 00:00:13]} Kh6 {[%clk 00:14:32]} {[%emt 00:00:09]} 40. Qh8#
{[%emt 00:00:05]} 1-0

[Event "DEM U10 2024"]
[Site "Willingen GER"]
[Date "2024.05.24"]
[Round "10"]
[White "Grimm, Jakob"]
[Black "Sutharjan, Dakxwin"]
[Result "1-0"]
[Termination "normal"]
[Board "7"]
[WhiteElo "1681"]
[BlackElo "1769"]
[WhiteClock "00:46:25"]
[BlackClock "00:41:04"]
[PlyCount "71"]
[WhiteFideId "34635645"]
[BlackFideId "34606548"]
[EventCountry "GER"]
[EventRounds "11"]
[EventType "swiss"]
[EventDate "2024.05.18"]

1. e4 {[%clk 01:15:59]} {[%emt 00:00:01]} d5 {[%clk 00:59:43]} {[%emt
00:01:38]} 2. exd5 {[%clk 01:16:20]} {[%emt 00:00:09]} Nf6 {[%clk 01:00:09]}
{[%emt 00:00:04]} 3. d4 {[%clk 01:16:46]} {[%emt 00:00:04]} Nxd5 {[%clk
01:00:23]} {[%emt 00:00:15]} 4. c4 {[%clk 01:17:08]} {[%emt 00:00:08]} Nb6
{[%clk 01:00:48]} {[%emt 00:00:05]} 5. Nf3 {[%clk 01:17:30]} g6 {[%clk
01:01:14]} {[%emt 00:00:13]} 6. h3 {[%clk 01:17:55]} {[%emt 00:00:04]} Bg7
{[%clk 01:01:38]} {[%emt 00:00:07]} 7. Nc3 {[%clk 01:18:17]} {[%emt 00:00:09]}
O-O {[%clk 01:02:01]} {[%emt 00:00:06]} 8. Be3 {[%clk 01:18:26]} {[%emt
00:00:21]} Nc6 {[%clk 01:02:15]} {[%emt 00:00:16]} 9. Qd2 {[%clk 01:18:46]}
{[%emt 00:00:10]} Bf5 {[%clk 01:02:27]} {[%emt 00:00:18]} 10. g4 {[%clk
01:18:33]} {[%emt 00:00:43]} Bc8 {[%clk 01:02:28]} {[%emt 00:00:28]} 11. O-O-O
{[%clk 01:18:46]} {[%emt 00:00:17]} e6 {[%clk 00:59:22]} {[%emt 00:03:36]} 12.
Bh6 {[%clk 01:16:39]} {[%emt 00:02:37]} Qf6 {[%clk 00:54:50]} {[%emt 00:05:02]}
13. Bxg7 {[%clk 01:14:09]} {[%emt 00:03:00]} Kxg7 {[%clk 00:54:13]} {[%emt
00:01:07]} 14. Ng5 {[%clk 01:11:27]} {[%emt 00:03:12]} Rd8 {[%clk 00:50:44]}
{[%emt 00:04:00]} 15. d5 {[%clk 01:08:46]} {[%emt 00:03:10]} exd5 {[%clk
00:47:59]} {[%emt 00:03:15]} 16. cxd5 {[%clk 01:08:24]} {[%emt 00:00:52]} Ne5
{[%clk 00:46:43]} {[%emt 00:01:46]} 17. Nge4 {[%clk 01:06:36]} {[%emt
00:02:17]} Qe7 {[%clk 00:45:39]} {[%emt 00:01:36]} 18. f4 {[%clk 01:06:30]}
{[%emt 00:00:35]} Ned7 {[%clk 00:44:19]} {[%emt 00:01:51]} 19. f5 {[%clk
01:05:03]} {[%emt 00:01:57]} Nf6 {[%clk 00:43:55]} {[%emt 00:00:54]} 20. Qd4
{[%clk 00:53:39]} {[%emt 00:11:53]} g5 {[%clk 00:41:13]} {[%emt 00:03:12]} 21.
h4 {[%clk 00:51:55]} {[%emt 00:02:14]} h6 {[%clk 00:40:20]} {[%emt 00:01:23]}
22. hxg5 {[%clk 00:51:55]} {[%emt 00:00:31]} hxg5 {[%clk 00:40:41]} {[%emt
00:00:08]} 23. Rh5 {[%clk 00:51:58]} {[%emt 00:00:27]} Nbxd5 {[%clk 00:40:27]}
{[%emt 00:00:45]} 24. Nxf6 {[%clk 00:49:29]} {[%emt 00:02:59]} Qxf6 {[%clk
00:40:39]} {[%emt 00:00:18]} 25. Rxg5+ {[%clk 00:47:21]} {[%emt 00:02:37]} Kh6
{[%clk 00:40:55]} {[%emt 00:00:15]} 26. Rh5+ {[%clk 00:47:35]} {[%emt
00:00:16]} Kg7 {[%clk 00:41:14]} {[%emt 00:00:11]} 27. Qxf6+ {[%clk 00:46:44]}
{[%emt 00:01:20]} Nxf6 {[%clk 00:41:07]} {[%emt 00:00:38]} 28. Rxd8 {[%clk
00:47:08]} {[%emt 00:00:06]} Nxh5 {[%clk 00:41:20]} {[%emt 00:00:17]} 29. gxh5
{[%clk 00:47:36]} {[%emt 00:00:01]} b6 {[%clk 00:41:28]} {[%emt 00:00:23]} 30.
Bg2 {[%clk 00:46:32]} {[%emt 00:01:34]} Rb8 {[%clk 00:41:18]} {[%emt 00:00:40]}
31. f6+ {[%clk 00:45:42]} {[%emt 00:01:20]} Kxf6 {[%clk 00:41:24]} {[%emt
00:00:24]} 32. Bh3 {[%clk 00:46:04]} {[%emt 00:00:07]} c5 {[%clk 00:41:11]}
{[%emt 00:00:44]} 33. Rxc8 {[%clk 00:45:59]} {[%emt 00:00:34]} Rb7 {[%clk
00:41:36]} {[%emt 00:00:05]} 34. Rg8 {[%clk 00:45:53]} {[%emt 00:00:36]} Rd7
{[%clk 00:41:22]} {[%emt 00:00:44]} 35. Bxd7 {[%clk 00:46:15]} {[%emt
00:00:09]} b5 {[%clk 00:41:04]} {[%emt 00:00:49]} 36. h6 {[%clk 00:46:25]}
{[%emt 00:00:19]} 1-0

[Event "DEM U10 2024"]
[Site "Willingen GER"]
[Date "2024.05.24"]
[Round "10"]
[White "Becker, Linus"]
[Black "Sauer, Ben"]
[Result "1/2-1/2"]
[Termination "normal"]
[Board "9"]
[WhiteElo "1705"]
[BlackElo "1626"]
[WhiteClock "00:05:59"]
[BlackClock "00:04:01"]
[PlyCount "80"]
[WhiteFideId "34614958"]
[BlackFideId "34606866"]
[EventCountry "GER"]
[EventRounds "11"]
[EventType "swiss"]
[EventDate "2024.05.18"]

1. d4 {[%clk 01:15:57]} {[%emt 00:00:02]} Nf6 {[%clk 01:15:51]} {[%emt
00:00:09]} 2. g3 {[%clk 01:16:15]} {[%emt 00:00:12]} e6 {[%clk 01:16:07]}
{[%emt 00:00:14]} 3. Bg2 {[%clk 01:16:35]} {[%emt 00:00:10]} d5 {[%clk
01:16:11]} {[%emt 00:00:27]} 4. Nf3 {[%clk 01:16:35]} {[%emt 00:00:29]} Be7
{[%clk 01:15:44]} {[%emt 00:00:56]} 5. O-O {[%clk 01:16:55]} {[%emt 00:00:10]}
O-O {[%clk 01:15:38]} {[%emt 00:00:37]} 6. c4 {[%clk 01:16:04]} {[%emt
00:01:22]} b6 {[%clk 01:14:16]} {[%emt 00:01:52]} 7. Nc3 {[%clk 01:15:44]}
{[%emt 00:00:50]} Bb7 {[%clk 01:13:00]} {[%emt 00:01:45]} 8. h3 {[%clk
01:11:42]} {[%emt 00:04:32]} Bb4 {[%clk 01:04:40]} {[%emt 00:08:50]} 9. Qc2
{[%clk 01:07:21]} {[%emt 00:04:51]} a6 {[%clk 01:00:16]} {[%emt 00:04:54]} 10.
Rd1 {[%clk 01:04:11]} {[%emt 00:03:40]} dxc4 {[%clk 00:57:34]} {[%emt
00:03:13]} 11. Ne5 {[%clk 01:01:00]} {[%emt 00:03:40]} Bxg2 {[%clk 00:54:19]}
{[%emt 00:03:45]} 12. Kxg2 {[%clk 01:00:48]} {[%emt 00:00:42]} b5 {[%clk
00:49:52]} {[%emt 00:04:58]} 13. a4 {[%clk 00:55:13]} {[%emt 00:06:05]} Bxc3
{[%clk 00:44:19]} {[%emt 00:06:03]} 14. bxc3 {[%clk 00:54:13]} {[%emt
00:01:29]} c6 {[%clk 00:35:40]} {[%emt 00:09:09]} 15. Bg5 {[%clk 00:46:57]}
{[%emt 00:07:47]} Qc7 {[%clk 00:20:07]} {[%emt 00:16:03]} 16. Bxf6 {[%clk
00:40:24]} {[%emt 00:07:02]} gxf6 {[%clk 00:20:07]} {[%emt 00:00:30]} 17. Ng4
{[%clk 00:40:15]} {[%emt 00:00:38]} f5 {[%clk 00:16:51]} {[%emt 00:03:47]} 18.
Nf6+ {[%clk 00:34:20]} {[%emt 00:06:25]} Kh8 {[%clk 00:13:33]} {[%emt
00:03:49]} 19. Qd2 {[%clk 00:32:17]} {[%emt 00:02:32]} Nd7 {[%clk 00:13:18]}
{[%emt 00:00:46]} 20. Qh6 {[%clk 00:32:24]} {[%emt 00:00:21]} Nxf6 {[%clk
00:13:22]} {[%emt 00:00:27]} 21. Qxf6+ {[%clk 00:32:47]} {[%emt 00:00:07]} Kg8
{[%clk 00:13:46]} {[%emt 00:00:06]} 22. Re1 {[%clk 00:21:38]} {[%emt 00:11:39]}
Qd8 {[%clk 00:08:25]} {[%emt 00:05:52]} 23. Qh6 {[%clk 00:21:23]} {[%emt
00:00:44]} f6 {[%clk 00:04:31]} {[%emt 00:04:24]} 24. e4 {[%clk 00:16:35]}
{[%emt 00:05:18]} Rf7 {[%clk 00:02:10]} {[%emt 00:02:51]} 25. Qf4 {[%clk
00:13:15]} {[%emt 00:03:49]} Raa7 {[%clk 00:00:48]} {[%emt 00:01:54]} 26. exf5
{[%clk 00:12:53]} {[%emt 00:00:52]} exf5 {[%clk 00:01:04]} {[%emt 00:00:14]}
27. Qxf5 {[%clk 00:12:25]} {[%emt 00:00:57]} Qd5+ {[%clk 00:01:13]} {[%emt
00:00:21]} 28. Qxd5 {[%clk 00:12:28]} {[%emt 00:00:27]} cxd5 {[%clk 00:01:38]}
{[%emt 00:00:05]} 29. Re8+ {[%clk 00:10:48]} {[%emt 00:02:10]} Kg7 {[%clk
00:02:02]} {[%emt 00:00:06]} 30. axb5 {[%clk 00:10:50]} {[%emt 00:00:28]} axb5
{[%clk 00:02:23]} {[%emt 00:00:10]} 31. Rxa7 {[%clk 00:10:57]} {[%emt
00:00:22]} Rxa7 {[%clk 00:02:48]} {[%emt 00:00:05]} 32. Rd8 {[%clk 00:11:14]}
{[%emt 00:00:13]} Ra3 {[%clk 00:02:03]} {[%emt 00:01:15]} 33. Rxd5 {[%clk
00:11:31]} {[%emt 00:00:13]} Rxc3 {[%clk 00:02:23]} {[%emt 00:00:10]} 34. Rxb5
{[%clk 00:11:52]} {[%emt 00:00:10]} Rd3 {[%clk 00:02:31]} {[%emt 00:00:21]} 35.
Rb4 {[%clk 00:05:36]} {[%emt 00:06:46]} Rxd4 {[%clk 00:02:48]} {[%emt
00:00:13]} 36. Kf3 {[%clk 00:05:39]} {[%emt 00:00:26]} Rd3+ {[%clk 00:02:51]}
{[%emt 00:00:28]} 37. Ke2 {[%clk 00:05:47]} {[%emt 00:00:21]} Rc3 {[%clk
00:03:05]} {[%emt 00:00:16]} 38. Kd2 {[%clk 00:05:48]} {[%emt 00:00:26]} Rf3
{[%clk 00:03:27]} {[%emt 00:00:10]} 39. Ke2 {[%clk 00:05:58]} {[%emt 00:00:21]}
Rc3 {[%clk 00:03:47]} {[%emt 00:00:10]} 40. Kd2 {[%clk 00:05:59]} {[%emt
00:00:30]} Rf3 {[%clk 00:04:01]} {[%emt 00:00:15]} 1/2-1/2

[Event "DEM U10 2024"]
[Site "Willingen GER"]
[Date "2024.05.24"]
[Round "10"]
[White "Kjulbassanoff, Kilian"]
[Black "Barsov, Mikhail"]
[Result "1/2-1/2"]
[Termination "normal"]
[Board "10"]
[WhiteElo "1411"]
[BlackElo "1708"]
[WhiteClock "00:43:48"]
[BlackClock "00:16:03"]
[PlyCount "65"]
[WhiteFideId "533001804"]
[BlackFideId "34623906"]
[EventCountry "GER"]
[EventRounds "11"]
[EventType "swiss"]
[EventDate "2024.05.18"]

1. d4 {[%clk 01:15:59]} {[%emt 01:44:27]} d5 {[%clk 01:15:58]} {[%emt
00:00:02]} 2. c4 {[%clk 01:16:25]} {[%emt 00:00:04]} e6 {[%clk 01:16:26]}
{[%emt 00:00:02]} 3. Nc3 {[%clk 01:16:51]} {[%emt 00:00:04]} Nf6 {[%clk
01:16:54]} {[%emt 00:00:03]} 4. Bg5 {[%clk 01:17:17]} {[%emt 00:00:04]} Be7
{[%clk 01:17:20]} {[%emt 00:00:03]} 5. e3 {[%clk 01:17:20]} {[%emt 00:00:27]}
h6 {[%clk 01:16:07]} {[%emt 00:01:43]} 6. Bh4 {[%clk 01:17:40]} {[%emt
00:00:09]} Nbd7 {[%clk 01:14:00]} {[%emt 00:02:39]} 7. Nf3 {[%clk 01:17:47]}
{[%emt 00:00:22]} Nb6 {[%clk 01:13:17]} {[%emt 00:01:13]} 8. cxd5 {[%clk
01:17:43]} {[%emt 00:00:34]} Nbxd5 {[%clk 01:12:33]} {[%emt 00:01:15]} 9. Nxd5
{[%clk 01:17:49]} {[%emt 00:00:24]} Nxd5 {[%clk 01:12:18]} {[%emt 00:00:44]}
10. Bxe7 {[%clk 01:17:35]} {[%emt 00:00:45]} Qxe7 {[%clk 01:12:20]} {[%emt
00:00:27]} 11. Bd3 {[%clk 01:17:02]} {[%emt 00:01:03]} O-O {[%clk 01:11:02]}
{[%emt 00:01:48]} 12. O-O {[%clk 01:17:03]} {[%emt 00:00:28]} b6 {[%clk
01:10:09]} {[%emt 00:01:24]} 13. a3 {[%clk 01:15:53]} {[%emt 00:01:40]} Bb7
{[%clk 01:10:18]} {[%emt 00:00:22]} 14. Rc1 {[%clk 01:15:36]} {[%emt 00:00:46]}
Rac8 {[%clk 01:09:21]} {[%emt 00:01:27]} 15. Ne5 {[%clk 01:14:11]} {[%emt
00:01:54]} c5 {[%clk 01:06:52]} {[%emt 00:03:00]} 16. Qd2 {[%clk 01:12:52]}
{[%emt 00:01:49]} Rfd8 {[%clk 01:02:28]} {[%emt 00:04:55]} 17. Be4 {[%clk
01:03:04]} {[%emt 00:10:17]} Qg5 {[%clk 00:50:05]} {[%emt 00:12:53]} 18. Nf3
{[%clk 00:59:32]} {[%emt 00:04:02]} Qg4 {[%clk 00:48:15]} {[%emt 00:02:20]} 19.
Qd3 {[%clk 00:55:07]} {[%emt 00:04:55]} f5 {[%clk 00:40:59]} {[%emt 00:07:47]}
20. Bxd5 {[%clk 00:55:03]} {[%emt 00:00:34]} Bxd5 {[%clk 00:40:54]} {[%emt
00:00:34]} 21. h3 {[%clk 00:55:22]} {[%emt 00:00:11]} Qg6 {[%clk 00:39:55]}
{[%emt 00:01:28]} 22. Kh2 {[%clk 00:52:54]} {[%emt 00:02:59]} cxd4 {[%clk
00:37:01]} {[%emt 00:03:24]} 23. Rxc8 {[%clk 00:50:37]} {[%emt 00:02:48]} Rxc8
{[%clk 00:37:23]} {[%emt 00:00:08]} 24. Qxd4 {[%clk 00:51:02]} {[%emt
00:00:04]} Rc4 {[%clk 00:36:26]} {[%emt 00:01:27]} 25. Qxc4 {[%clk 00:49:23]}
{[%emt 00:02:09]} Bxc4 {[%clk 00:36:39]} {[%emt 00:00:17]} 26. Ne5 {[%clk
00:49:48]} {[%emt 00:00:05]} Qe8 {[%clk 00:36:21]} {[%emt 00:00:47]} 27. Nxc4
{[%clk 00:47:37]} {[%emt 00:02:42]} Qb5 {[%clk 00:36:46]} {[%emt 00:00:05]} 28.
Rc1 {[%clk 00:47:23]} {[%emt 00:00:44]} Qd5 {[%clk 00:36:20]} {[%emt 00:00:55]}
29. f4 {[%clk 00:44:46]} {[%emt 00:03:08]} g5 {[%clk 00:32:14]} {[%emt
00:04:36]} 30. Ne5 {[%clk 00:43:02]} {[%emt 00:02:14]} gxf4 {[%clk 00:30:30]}
{[%emt 00:02:14]} 31. Rc8+ {[%clk 00:43:11]} {[%emt 00:00:21]} Kg7 {[%clk
00:30:00]} {[%emt 00:00:56]} 32. Rc7+ {[%emt 00:14:31]} Kg8 {[%clk 00:16:03]}
{[%emt 00:00:11]} 33. Rc8+ {[%clk 00:43:48]} {[%emt 00:00:11]} 1/2-1/2